00832nam a22002412 450000100060000000300080000600500170001400800410003103500190007204000230009104100080011408200210012210000340014324501040017726000720028130000520035349000370040550400190044265000150046170000330047670000460050983000350055514748BD-RJUL20211208235702.0800613s1940 paua b 000 0 eng  a(BD-RJUL)14802 aDLCcTXAdEQObeng aeng a636.08bCOL 19401 aCoffey, Joel Simmonds,d1884-10aLivestock management /c[by] Joel S. Coffey ... [and] Lyman E. Jackson ... edited by R. W. Gregory. aPhiladelphia ;aChicago [etc.] :bJ.B. Lippincott Company,c[c1940] axi, 500 p. :c22 cm.billus., tables, diagrs. ;1 a[Agricultural management series] aIncludes index 0aLivestock.1 aJackson, Lyman Edson,d1897-1 aGregory, R. W.q(Raymond William),d1893- 0aAgricultural management series